Statistics for Character Catchphrases Quiz

Click here to take the quiz!

General Stats

  • This quiz has been taken 36,800 times
    (21,013 since last reset)
  • The average score is 15 of 24

Answer Stats

CatchphrasesCharacter% Correct
Elementary, my dear WatsonSherlock Holmes
90%
What's up, Doc?Bugs Bunny
89%
Yabba-Dabba-Doo!Fred Flintstone
87%
To infinity... and beyond!Buzz Lightyear
83%
I'll be backThe Terminator
83%
Shaken, not stirredJames Bond
82%
Bah, humbugEbenezer Scrooge
73%
Pika-pika!Pikachu
70%
Live long, and prosperSpock
70%
Eat my shortsBart Simpson
69%
Why so serious?The Joker
68%
How YOU Doin'Joey Tribbianni
67%
BazingaSheldon Cooper
66%
You wouldn't like me when I'm angryThe Incredible Hulk
65%
I hate snakesIndiana Jones
58%
Yo, Adrian!Rocky Balboa
56%
By the power of Grayskull,
I HAVE THE POWER!!
He-Man
55%
GiggityGlenn Quagmire
52%
It's gonna be legend
... wait for it ... dary
Barney Stinson
49%
Up, up and awaySuperman
48%
Aaalllrighty thenAce Ventura
42%
Here I come to save the dayMighty Mouse
29%
You eediot Ren Höek
19%
What, me worry?Alfred E. Neuman
12%

Score Distribution

Percentile by Number Answered

Percent of People with Each Score

Your Score History

You have not taken this quiz since the last reset